Atalanta players (2010-2020) - Statistics

General Stats
  • This quiz has been taken 7 times
  • The average score is 32 of 146
Answer Stats
Rank Player Positions Nationality Matches Goals (assists) Period % Correct
28 Duván Zapata ST 65 41 (13) 2018-2020
100%
14 Hans Hateboer RB 106 5 (12) 2016-2020
100%
17 Josip Ilicic AM 88 38 (23) 2017-2020
100%
54 Luis Muriel ST 34 18 (1) 2019-2020
100%
9 Marten de Roon DM 140 8 (10) 2015-2016, 2017-2020
100%
1 Papu Gómez LW 199 46 (61) 2014-2020
100%
29 Pierluigi Gollini GK 64 0 (0) 2016-2020
100%
10 Remo Freuler CM 140 15 (10) 2015-2020
100%
20 Robin Gosens LB 83 13 (11) 2017-2020
100%
32 Berat Djimsiti CB 61 3 (2) 2015-2016, 2018-2020
80%
60 Davide Zappacosta RM 29 3 (1) 2014-2015
80%
16 Marco Sportiello GK 90 0 (0) 2013-2017, 2019-2020
80%
26 Mario Pasalić CM 68 14 (8) 2018-2020
80%
55 Ruslan Malinovskyi AM 34 8 (5) 2019-2020
80%
6 Andrea Consigli GK 145 0 (0) 2010-2014
60%
40 Bryan Cristante DM 48 12 (5) 2016-2018
60%
53 Cristiano Doni AM 34 12 (2) 2010-2011
60%
22 Etrit Berisha GK 75 0 (0) 2016-2019
60%
59 Franck Kessié CM 30 6 (4) 2016-2017
60%
4 Germán Denis ST 153 56 (15) 2011-2016
60%
47 Gianluca Mancini CB 41 6 (1) 2017-2019
60%
15 Gianpaolo Bellini LB 103 2 (2) 2010-2016
60%
18 José Luis Palomino CB 86 4 (2) 2017-2020
60%
50 Mauricio Pinilla ST 38 12 (5) 2014-2017
60%
8 Rafael Tolói CB 141 5 (13) 2015-2020
60%
23 Timothy Castagne RB 75 5 (7) 2017-2020
60%
118 Ali Adnan CB 3 0 (0) 2018-2019
40%
41 Andrea Conti RB 47 10 (5) 2015-2017
40%
70 Andreas Cornelius ST 23 3 (1) 2017-2018
40%
31 Boukary Dramé LB 63 0 (5) 2014-2017
40%
3 Carlos Carmona DM 155 5 (5) 2010-2017
40%
12 Cristian Raimondi RM 126 1 (10) 2010-2017
40%
121 Dejan Kulusevski AM 3 0 (0) 2018-2019
40%
91 Emiliano Rigoni RW 12 3 (0) 2018-2019
40%
63 Ferreira Pinto RW 26 2 (0) 2010-2012
40%
11 Giacomo Bonaventura AM 127 23 (15) 2010-2015
40%
13 Guglielmo Stendardo CB 115 7 (1) 2011-2017
40%
19 Jasmin Kurtic CM 83 10 (2) 2015-2018
40%
5 Luca Cigarini DM 150 7 (18) 2011-2016
40%
7 Maxi Moralez AM 142 18 (25) 2011-2016
40%
48 Musa Barrow LW 41 4 (3) 2017-2020
40%
88 Roberto Gagliardini CM 14 0 (2) 2015-2017
40%
113 Simon Kjaer CB 5 0 (0) 2019-2020
40%
44 Yohan Benalouane CB 44 1 (1) 2013-2015
40%
52 Alberto Grassi DM 34 1 (0) 2014-2017
20%
103 Alessandro Bastoni CB 7 0 (0) 2016-2018
20%
119 Amad Diallo RW 3 1 (0) 2019-2020
20%
2 Andrea Masiello CB 157 8 (4) 2011-2012, 2014-2020
20%
30 Andrea Petagna ST 63 9 (14) 2016-2018
20%
104 Bosko Sutalo CB 7 0 (0) 2019-2020
20%
35 Davide Brivio LB 57 3 (0) 2012-2014, 2015-2016
20%
61 Édgar Barreto CM 29 1 (7) 2010-2011
20%
122 Francesco Rossi GK 3 0 (0) 2017-2020
20%
68 Gabriel Paletta CB 24 1 (0) 2015-2016
20%
78 Giuseppe Biava CB 18 2 (0) 2014-2015
20%
128 Igor Budan ST 2 0 (0) 2012-2013
20%
79 Ivan Radovanovic DM 18 0 (0) 2010-2011, 2012-2013
20%
39 Leonardo Spinazzola LB 50 0 (6) 2014-2015, 2016-2018
20%
71 Manolo Gabbiadini ST 23 1 (2) 2011-2012
20%
86 Marco Borriello ST 15 4 (2) 2015-2016
20%
24 Marco D'Alessandro RW 72 4 (5) 2014-2017
20%
92 Matteo Pessina CM 12 0 (1) 2018-2019
20%
25 Mattia Caldara CB 69 10 (1) 2013-2014, 2016-2018, 2019-2020
20%
62 Nicolò Cherubin CB 27 1 (0) 2014-2016
20%
144 Raoul Bellanova RM 1 0 (0) 2019-2020
20%
73 Rolando Bianchi ST 21 0 (1) 2014-2015
20%
117 Salvatore Molina RM 4 0 (0) 2014-2015
20%
42 Simone Tiribocchi ST 47 16 (3) 2010-2012
20%
94 Abdoulay Konko RB 10 0 (0) 2016-2017
0%
102 Adrien Tamèze DM 7 0 (0) 2019-2020
0%
89 Alberto Paloschi ST 13 0 (0) 2016-2017
0%
107 Aleksandar Pesic ST 6 0 (0) 2016-2017
0%
90 Alessandro Carrozza LW 12 0 (0) 2011-2012
0%
82 Alessandro Diamanti AM 16 1 (1) 2015-2016
0%
109 Anthony Mounier LW 5 0 (0) 2016-2017
0%
131 Antonio Palma CM 1 0 (0) 2012-2013
0%
120 Arkadiusz Reca LB 3 0 (0) 2018-2019
0%
132 Boris Radunović GK 1 0 (0) 2015-2016
0%
133 Bryan Cabezas LW 1 0 (0) 2016-2017
0%
114 Carlos Matheu CB 4 0 (0) 2012-2013
0%
110 Ciro Polito GK 5 0 (0) 2011-2013
0%
105 Constantin Nica RB 7 0 (0) 2013-2014
0%
43 Cristiano Del Grosso LB 45 1 (1) 2012-2015
0%
38 Daniele Baselli CM 50 2 (4) 2013-2015
0%
45 Daniele Capelli CB 43 0 (1) 2010-2013
0%
134 Davide Bassi GK 1 0 (0) 2015-2016
0%
66 Davide Biondini CM 24 0 (1) 2012-2013
0%
111 Ebrima Colley RW 5 0 (1) 2019-2020
0%
75 Ervin Zukanovic CB 19 0 (0) 2016-2017
0%
36 Ezequiel Schelotto RM 53 2 (8) 2011-2013
0%
135 Fabio Caserta CM 1 0 (0) 2011-2012
0%
77 Fabio Ceravolo ST 18 2 (2) 2010-2011
0%
87 Facundo Parra ST 14 0 (0) 2012-2013
0%
21 Federico Peluso LB 79 3 (6) 2010-2013
0%
136 Filippo Melegoni CM 1 0 (0) 2016-2017
0%
56 Francesco Ruopolo ST 31 8 (7) 2010-2011
0%
67 Franco Brienza AM 24 1 (1) 2012-2014
0%
95 Gaetano Monachello ST 10 0 (0) 2015-2016
0%
84 Gennaro Delvecchio CM 15 2 (2) 2010-2011
0%
106 Giorgio Frezzolini GK 7 0 (0) 2010-2012, 2014-2015
0%
33 Giulio Migliaccio CM 60 2 (1) 2013-2017
0%
51 Giuseppe De Luca ST 35 6 (2) 2012-2014
0%
46 Guido Marilungo ST 42 6 (4) 2010-2014
0%
115 Guilherme Arana LB 4 0 (0) 2019-2020
0%
137 Jacopo Da Riva CM 1 0 (0) 2019-2020
0%
108 James Troisi AM 6 0 (0) 2012-2013
0%
138 Joakim Olausson CM 1 0 (0) 2013-2014
0%
139 Lennart Czyborra LB 1 0 (0) 2019-2020
0%
80 Leonardo Pettinari LW 18 2 (1) 2010-2012
0%
97 Leonardo Talamonti CB 9 0 (0) 2010-2011
0%
85 Lionel Scaloni RB 15 0 (0) 2012-2015
0%
140 Lorenzo Rosseti ST 1 0 (0) 2014-2015
0%
129 Luca Valzania CM 2 0 (0) 2018-2019
0%
116 Luca Vido ST 4 0 (0) 2017-2018
0%
81 Luigi Giorgi CM 17 2 (0) 2012-2014, 2015-2016
0%
64 Magnus Troest CB 25 1 (1) 2010-2011
0%
65 Marcelo Estigarribia CM 25 2 (2) 2013-2016
0%
130 Marco Tumminello ST 2 0 (0) 2018-2019
0%
69 Mario Yepes CB 24 0 (0) 2013-2014
0%
57 Marko Livaja ST 31 4 (2) 2012-2014
0%
141 Massimo Mutarelli CM 1 0 (0) 2011-2012
0%
83 Matteo Ardemagni ST 16 1 (1) 2010-2011
0%
93 Matteo Brighi CM 11 0 (0) 2011-2012
0%
123 Matteo Contini CB 3 0 (0) 2012-2013
0%
142 Matteo Gentili CB 1 0 (0) 2010-2011
0%
124 Matteo Scozzarella DM 3 0 (0) 2012-2013
0%
74 Michele Canini CB 20 0 (0) 2012-2014
0%
58 Michele Ferri CB 31 0 (0) 2010-2013
0%
72 Migjen Basha DM 23 0 (1) 2010-2011
0%
100 Moussa Koné DM 8 1 (1) 2013-2014
0%
125 Nadir Minotti DM 3 0 (0) 2011-2012
0%
143 Nicola Madonna RM 1 0 (1) 2010-2011
0%
98 Nicolas Haas CM 9 0 (0) 2017-2018
0%
49 Riccardo Cazzola DM 40 0 (1) 2011-2014
0%
101 Riccardo Orsolini RW 8 0 (0) 2017-2018
0%
76 Richmond Boakye ST 19 3 (0) 2014-2015
0%
126 Roberto Piccoli ST 3 0 (0) 2018-2020
0%
145 Roger Ibañez CB 1 0 (0) 2018-2019
0%
127 Rubén Bentancourt ST 3 0 (0) 2013-2014
0%
96 Sasa Bjelanovic ST 10 1 (0) 2010-2011
0%
112 Serge Gakpé RW 5 0 (0) 2015-2016
0%
37 Simone Padoin CM 53 2 (2) 2010-2012
0%
27 Stefano Lucchini CB 66 1 (2) 2011-2014
0%
34 Thomas Manfredini CB 59 2 (2) 2010-2013
0%
99 Urby Emanuelson CM 9 0 (3) 2014-2015
0%
146 Vlada Avramov GK 1 0 (0) 2014-2015
0%
No matching quizzes found
Score Distribution
Percent of People with Each Score
Percentile by Number Answered
Your Score History
You have not taken this quiz